Notes on Massachusetts manufacturing /

Bibliographic Details
Main Author: Cobb, Charles W. (Charles Wiggins), 1875-1949
Format: Book
Language:English
Published: [Amherst, Mass.] : Amherst College, 1939.
Subjects:

MARC

Tag First Indicator Second Indicator Subfields
LEADER 00000cam a2200000 4500
001 in00000063340
005 20151008051738.0
008 780411s1939 mau s 00000 eng d
010 |a  40006820  
035 |a (OCoLC)03794131 
035 |9 AAG9743AM 
040 |a HDC  |c HDC  |d TXA  |d UtOrBLW 
049 |a TXAM  |c [83173] 
050 0 |a HC107.M4  |b C6 
092 |a 330.9744  |b C653n 
100 1 |a Cobb, Charles W.  |q (Charles Wiggins),  |d 1875-1949. 
245 1 0 |a Notes on Massachusetts manufacturing /  |c by Charles W. Cobb ... 
264 1 |a [Amherst, Mass.] :  |b Amherst College,  |c 1939. 
300 |a 129 pages :  |b tables, diagrams ;  |c 23 cm. 
336 |a text  |b txt  |2 rdacontent 
337 |a unmediated  |b n  |2 rdamedia 
338 |a volume  |b nc  |2 rdacarrier 
500 |a Cover-title. 
650 0 |a Correlation (Statistics) 
651 0 |a Massachusetts  |x Manufactures. 
999 |a MARS 
999 f f |s c6721eb6-9c32-3ef7-b2aa-f493e4f193b7  |i a6c9abfa-bb67-3d70-a904-98fbdb03ebbc  |t 0 
952 f f |p ric  |a Texas A&M University  |b Rellis Campus  |c Joint Library Facility  |d Remote Storage  |t 0  |e HC107.M4 C6  |h Library of Congress classification  |i unmediated -- volume  |m A14800709245 
998 f f |a HC107.M4 C6  |t 0  |l Remote Storage